Dzielnice i osiedla Wrocławia – Nagła śmierć - Statystyki

Ogólne statystyki
  • Ten quiz został rozwiązany 637 razy
  • Średni wynik to 12 z 16
Answers on the Grid
Answers color-coded by a green-red scale on the quiz's grid according to % correct below.
Bieżanów
Brętowo
Chylonia
Czyżyny
Gaj
Jędrzychów
Klecina
Kowale
Krowodrza
Krzyki
Leśnica
Ławica
Nadodrze
Niebuszewo
Ołbin
Oporów
Osowa Góra
Podjuchy
Popowice
Poświętne
Psie Pole
Rataje
Strachowice
Swojczyce
Świniary
Tarchomin
Widzew
Wilanów
Wilda
Wojnów
Zakrzów
Zawarcie
 
Statystyki odpowiedzi
Odpowiedź % Poprawnych
Psie Pole
91%
Krzyki
86%
Nadodrze
84%
Gaj
79%
Popowice
79%
Leśnica
78%
Oporów
76%
Ołbin
74%
Klecina
73%
Kowale
73%
Strachowice
70%
Zakrzów
67%
Poświętne
66%
Swojczyce
63%
Świniary
58%
Wojnów
58%
Nie znaleziono quizów pasujących do podanych kryteriów
Rozkład punktacji
Procent ludzi z każdym wynikiem
Percentyl według liczby udzielonych odpowiedzi
Twoja historia wyników
Nie rozwiązałeś tego quizu